Análisis de los efectos de la explotación de materiales de los cauces, con relación a la socavación de puentes y márgenes de ríos
Guardat en:
| Autor principal: | |
|---|---|
| Altres autors: | |
| Format: | Llibre |
| Publicat: |
[San José, Costa Rica]
2004
|
| Matèries: | |
| Etiquetes: |
Afegir etiqueta
Sense etiquetes, Sigues el primer a etiquetar aquest registre!
|
MARC
| LEADER | 00000nam a2200000Ia 4500 | ||
|---|---|---|---|
| 003 | 009360 | ||
| 005 | 20240510084141.0 | ||
| 008 | 140114s2004 cr a 000 ||s d | ||
| 040 | |c cru CEDI | ||
| 090 | |a TFG 4899 | ||
| 100 | |a Liu Marqués, Roy, 1980- |9 3019 | ||
| 245 | |a Análisis de los efectos de la explotación de materiales de los cauces, con relación a la socavación de puentes y márgenes de ríos | ||
| 260 | |a [San José, Costa Rica] |c 2004 | ||
| 300 | |a xi, 223 hojas; ilustraciones a color, mapas color | ||
| 500 | |a Trabajo Final de graduación (licenciatura en ingeniería civil)--Universidad de Costa Rica. Facultad de Ingeniería. Escuela de Ingeniería Civil | ||
| 501 | |a Directora Trabajo Final de graduación: Ing. Marcia Cordero Sandí | ||
| 650 | |x RIO CHIRRIPO (COSTA RICA) |x SOCAVACION EN PUENTES |x RIOS |x PUENTES - CIMIENTOS Y PILAS |x MEDICIONES |x CONCESIONES |x COSTA RICA |x DERECHO MINERO |x MINAS Y EXPLORACIONES |x ASPECTOS LEGALES |x EVALUACION DEL IMPACTO AMBIENTAL |9 4063 | ||
| 700 | |a Cordero Sandí, Marcia, 1969- |d Directora del TFG |9 449 | ||
| 942 | |c TFG |h TFG 4899 |i 009360 |6 TFG_4899_009360000000000 | ||
| 999 | |c 16469 |d 16469 | ||
